• 首页
  • 本馆介绍
  • 公告通知
  • 最新文献
  • 馆藏检索
  • 电子资源
  • 读者导购
  • 参考咨询
  • 我的图书馆
  • 登录
  • 详细信息显示
  • 放入我的书架
  • 预约/预借图书
  • 作者相关作品
  • 分类相关作品
  • 丛书相关作品
  • 出版社相关作品

书目信息

  • 表格格式
  • 工作单格式
  • 卡片格式
题名:
话剧表演导演艺术探索
    
 
作者: ;中国艺术研究院话剧研究所 主编
分册:  
出版信息: 北京   文化艺术出版社  1982.10
页数: 265页
开本: 20cm
丛书名: 话剧艺术研究丛书
单 册:
中图分类: J824.2
科图分类:
主题词: 戏剧--艺术--中国
电子资源:
ISBN:
000 00716nam0 2200205 45
001 0312221749
005 20060802150013.75
010    @dCNY1.10
100    @a20031222d1982 km y0chiy0120 ea
101    @achi
200 1  @a话剧表演导演艺术探索@AHua Ju Biao Yan Dao Yan Yi Shu Tan Suo@f中国艺术研究院话剧研究所主编@Fzhong guo yi shu yan jiu yuan hua ju yan jiu suo zhu bian
210    @a北京@c文化艺术出版社@d1982.10
215    @a265页@d20cm
225    @a话剧艺术研究丛书@h第一辑
410    @12001 @a话剧艺术研究丛书
606 0  @a戏剧@x艺术@x中国
690    @aJ824.2@v4
711 02 @a中国艺术研究院话剧研究所@Azhong guo yi shu yan jiu yuan hua ju yan jiu suo@4主编
801    @aCN@bTSTCL@c20060802
905    @dJ824.2@e14
    
    话剧表演导演艺术探索/中国艺术研究院话剧研究所主编.-北京:文化艺术出版社,1982.10
    265页;20cm.-(话剧艺术研究丛书.第一辑)
    
    
    ISBN :CNY1.10
    
●
相关链接 在E读中查询图书 在五车中查询图书 在当当中查询图书 在豆瓣中查询图书


正题名:话剧表演导演艺术探索     索取号:J824.2/14         预约/预借

序号 登录号 条形码 馆藏地/架位号 状态 备注
1 0095389   001222956   第一借阅区/ [索取号:J824.2/14] 在馆    
2 0095390   202226616   密集书库/ [索取号:J824.2/14] 在馆    
3 0095391   001222947   第一样本阅览室/ [索取号:J824.2/14] 在馆    
4 0444268   204442683   密集书库/ [索取号:J824.2/14] 在馆    
唐山师范学院图书馆 欢迎您!
大连网信软件有限公司© 版权所有